[Event "GEO World Cup Final U08 Girls"]
[Site "Batumi"]
[Date "2024.07.02"]
[Round "2"]
[White "Gumudavelly, Nakshatra"]
[Black "Raj, Ankita"]
[Result "0-1"]
[WhiteElo "1573"]
[BlackElo "1423"]
[PlyCount "98"]
[EventDate "2024.07.01"]
[EventType "match"]
[EventRounds "6"]
[EventCountry "GEO"]
[SourceTitle "EXT 2025"]
[Source "ChessBase"]
[SourceDate "2024.10.14"]
[SourceVersion "1"]
[SourceVersionDate "2024.10.14"]
[SourceQuality "1"]

1. e4 e5 2. Nf3 Nc6 3. d4 exd4 4. Bc4 d6 5. c3 dxc3 6. Nxc3 Bg4 7. Qb3 Qd7 8. Be2 Nf6 9. Be3 Be7 10. 0-0 0-0 11. Rfd1 Bxf3 12. Bxf3 Ne5 13. Be2 c6 14. Bf4 Ng6 15. Bg3 Qc7 16. Rac1 Rad8 17. Kh1 Qb6 18. Qc2 Ne5 19. h3 h6 20. f4 Ng6 21. e5 dxe5 22. fxe5 Nd5 23. Nxd5 cxd5 24. Bf3 Bg5 25. Rb1 d4 26. Bg4 Bf4 27. Bxf4 Nxf4 28. Rf1 Nd5 29. Qe4 Ne3 30. Rf3 Qg6 31. Qxg6 fxg6 32. e6 Rfe8 33. Re1 h5 34. Bxh5 gxh5 35. Rf7 Rxe6 36. Rxb7 Rg6 37. Rxa7 Nxg2 38. Rg1 Nf4 39. Rxg6 Nxg6 40. Rc7 Ne5 41. b4 d3 42. Rc1 d2 43. Rd1 Nc4 44. b5 Nb2 45. a3 Nxd1 46. a4 Nc3 47. b6 d1Q+ 48. Kg2 h4 49. b7 Rd2# 0-1

[Event "GEO World Cup-A U08 Girls"]
[Site "Batumi"]
[Date "2024.06.24"]
[Round "2"]
[White "Limari, Sopia"]
[Black "Raj, Ankita"]
[Result "0-1"]
[WhiteElo "1403"]
[BlackElo "1423"]
[PlyCount "74"]
[EventDate "2024.06.23"]
[EventType "swiss"]
[EventRounds "7"]
[EventCountry "GEO"]
[SourceTitle "EXT 2025"]
[Source "ChessBase"]
[SourceDate "2024.10.14"]
[SourceVersion "1"]
[SourceVersionDate "2024.10.14"]
[SourceQuality "1"]

1. e4 e5 2. Nf3 Nc6 3. Bb5 a6 4. Ba4 d6 5. c3 Bd7 6. 0-0 Nf6 7. d3 Be7 8. Re1 0-0 9. Nbd2 b5 10. Bc2 Bg4 11. Nf1 b4 12. Ng3 d5 13. Qe2 d4 14. c4 Nh5 15. Nf5 Nf4 16. Bxf4 exf4 17. Nxe7+ Qxe7 18. e5 Rfe8 19. Ba4 Qe6 20. Qe4 Bxf3 21. Qxf3 Nxe5 22. Qxf4 Re7 23. Qxd4 Qf6 24. Qd5 c6 25. Qc5 Rae8 26. Re3 Qg5 27. Kf1 Qf6 28. Kg1 Qg5 29. Qxb4 Re6 30. Rg3 Qf5 31. Rd1 Nxd3 32. Rgxd3 Qxd3 33. h3 Qe2 34. Bb3 Rf6 35. f3 Rg6 36. Rd2 Rxg2+ 37. Kh1 Qf1# 0-1